Nalaganje...
Environmental science, working with the earth
| Glavni avtor: | |
|---|---|
| Format: | Printed Book |
| Izdano: |
Australia, Thomson Books Cole
2004
|
| Izdaja: | 10 |
| Teme: |
| LEADER | 005070000a22001570004500 | ||
|---|---|---|---|
| 020 | |a 981 254 283 3 | ||
| 082 | |a 620.8 MIL | ||
| 100 | |a Miller, Tyler G |9 145172 | ||
| 245 | |a Environmental science, working with the earth | ||
| 250 | |a 10 | ||
| 260 | |a Australia, Thomson Books Cole | ||
| 260 | |c 2004 | ||
| 650 | |a Energy resources |9 145173 | ||
| 942 | |c BK | ||
| 999 | |c 179479 |d 179475 | ||
| 952 | |0 0 |1 0 |4 0 |6 620_800000000000000_MIL |7 0 |9 177979 |a SES |b SES |d 2019-05-16 |l 1 |o 620.8 MIL |p SES03095 |r 2019-10-04 |s 2019-09-20 |w 2019-05-16 |y BK | ||